Fuzzy applications in industrial engineering

Αποθηκεύτηκε σε:
Λεπτομέρειες βιβλιογραφικής εγγραφής
Άλλοι συγγραφείς: Kahraman, Cengiz (Επιμελητής έκδοσης)
Μορφή: Βιβλίο
Γλώσσα:English
Δημοσίευση: Berlin ; New York : Springer, c2006
Σειρά:Studies in fuzziness and soft computing ; ; 201
Θέματα:
Ετικέτες: Προσθήκη ετικέτας
Δεν υπάρχουν, Καταχωρήστε ετικέτα πρώτοι!

MARC

LEADER 00000nam a2200000 i 4500
001 1/70788
008 080116s2006 eng d
020 |a 3-540-33516-1 
035 |l 10093767 
040 |a GR-MY-UA  |b gre  |e aacr 
041 0 |a eng 
082 0 |a 670.015118  |2 (22) 
245 1 0 |a Fuzzy applications in industrial engineering /  |c Cengiz Kahraman (ed.) 
260 |a Berlin ; New York :   |b Springer,   |c c2006 
300 |a xiii, 615 σ.;  |b εικ.;  |c 24 σ. 
490 1 |a Studies in fuzziness and soft computing  |v ; 201 
504 |a Περιέχει βιβλιογραφικές παραπομπές. 
650 0 0 |a Industrial engineering  |x Mathematical models. 
700 1 |a Kahraman, Cengiz.  |4 edt 
830 0 |a Studies in fuzziness and soft computing ;  |v ; 201 
852 |a INST  |b SAMOS  |e 20080116  |h 670.015118 FUZ  |p 005300027267  |q 005300027267  |t BK  |y 0 
901 |a BIBL3-2008-1 
909 |a Σ  |b 143494 
922 |a 3ΕΛΗ  |b 200716  |c ΕΠΕΑΕΚ2/ΤΜΗΜΑ ΜΑΘΗΜΑΤΙΚΩΝ  |d ΕΛΕΥΘΕΡΟΥΔΑΚΗΣ 
970 |a ΣΙΤΖΙΜΗ  |b ΓΙΑΣΕΜΗ  |z 2008/01/16